Szczegóły MARC21

Koran = (Al-Koran). T. 2 /

003 -Nazwa inst., której nr kontr. jest w polu 001 [,]
    • @
    • Nazwa instytucji, której n kontrolny jest w polu 001
    • NUKAT
005 -DATA I CZAS OSTATNIEJ MODYFIKACJI [,]
    • @
    • pole kontrolne
    • 20241231093707.0
040 -Instytucja sporządzająca opis [ , ]
    • a
    • Instytucja, która sporządziła opis (NP)
    • TOR U/AW
    • c
    • Instytucja, która sporządziła rekord (NP)
    • TOR U/AW
    • d
    • Instytucja, która zmodyfikowała rekord (P)
    • TOR U/LF
    • d
    • Instytucja, która zmodyfikowała rekord (P)
    • BSTOK U/AIs
041 -Język dokumentu [1, ]
    • a
    • Język tekstu (P)
    • polski
    • h
    • Język tekstu oryginalnego i/lub pośredniego (P)
    • angielski
    • h
    • Język tekstu oryginalnego i/lub pośredniego (P)
    • arabski
942 -Rodzaj dokumentu [ , ]
    • c
    • Rodzaj dokumentu
    • Książka
130 -Hasło główne - tytuł ujednolicony [0, ]
    • a
    • Tytuł ujednolicony (NP)
    • Koran Find
    • l
    • Język tekstu (NP)
    • (pol.)
    • 9
    • KHW
    • 445120
245 -Strefa tytułu i oznaczenia odpowiedzialności [1,0]
    • a
    • Tytuł
    • Koran = Find
    • b
    • Ciąg dalszy tytułu (NP)
    • (Al-Koran). Find
    • n
    • Oznaczenie części (P)
    • T. 2 /
    • c
    • Pozostałe elementy strefy tytułu i oznaczenia odpowiedzialności (NP)
    • z arab. przekł. Jana Murzy Tarak Buczackiego ; wzbogacony objaśnieniami Władysława Kościuszki ; poprzedzony Życiorysem Mahometa z Washingtona Irvinga ; pomnożony Poglądem na stosunki Polski z Turcją i Tatarami, na dzieje Tatarów w Polsce osiadłych, na przywileje tu im nadane, jako też wspomnieniami o znakomitych Tatarach polskich Juliana Bartoszewicza ; z dodaniem wiadomości: o Arabach przed Mahometem [...].
246 -Wariant tytułu [3,1]
    • a
    • Tytuł (NP)
    • Al-Koran
260 -Strefa adresu wydawniczego [ , ]
    • a
    • Miejsce wydania (P)
    • Warszawa :
    • b
    • Nazwa wydawcy (P)
    • Wydawnictwo Artystyczne i Filmowe,
    • c
    • Data wydania (P)
    • 1985.
300 -Strefa opisu fizycznego [ , ]
    • a
    • Określenie formy książki i/lub objętość (NP)
    • [4], 608, IV, IV, [3] s. ;
    • c
    • Format (NP)
    • 23 cm.
336 -Typ zawartości [ , ]
    • a
    • Termin opisujący typ zawartości
    • Tekst
    • b
    • Kod określający zawartość
    • txt
    • 2
    • Źródło (terminu i kodu)
    • rdacontent
337 -Typ mediów [ , ]
    • a
    • Tryb odtwarzania
    • Bez urządzenia pośredniczącego
    • b
    • Kod typu mediów
    • n
    • 2
    • Źródło (terminu i kodu)
    • rdamedia
338 -Typ/rodzaj nośnika [ , ]
    • a
    • Hasło opisujące typ nośnika
    • Wolumin
    • b
    • Kod typu nośnika
    • nc
    • 2
    • Źródło (terminu i kodu)
    • rdacarrier
534 -Uwaga dot. podstawy reprodukcji [ , ]
    • p
    • Określenie wprowadzające
    • Reprint, oryg.:
    • c
    • Adres wydawniczy oryginału
    • Warszawa : nakł. Aleksandra Nowoleckiego, 1858.
600 -Hasło przedmiotowe w formie nazwy osobowej [0,7]
    • a
    • Nazwa osobowa
    • Mahomet
    • c
    • Dopowiedzenie
    • (prorok ;
    • d
    • Daty związane z nazwą
    • około 570-632).
    • 2
    • Źródło terminu
    • kaba
    • 9
    • KHW
    • 245024
650 -Hasło przedmiotowe [ ,7]
    • a
    • Hasło przedmiotowe
    • Islam
    • x
    • Określnik rzeczowy
    • historia.
    • 2
    • Źródło terminu
    • kaba
    • 9
    • KHW
    • 357452
700 -Hasło dodatkowe - nazwa osobowa [1, ]
    • a
    • Nazwa osobowa (NP)
    • Irving, Washington Find
    • d
    • Daty biograficzne (NP)
    • (1783-1859).
    • e
    • Określenie rodzaju współpracy
    • Oprac.
    • 9
    • KHW
    • 16202
700 -Hasło dodatkowe - nazwa osobowa [1, ]
    • a
    • Nazwa osobowa (NP)
    • Buczacki, Jan Murza Find
    • d
    • Daty biograficzne (NP)
    • ( -1857).
    • e
    • Określenie rodzaju współpracy
    • Tł.
    • 9
    • KHW
    • 486914
700 -Hasło dodatkowe - nazwa osobowa [1, ]
    • a
    • Nazwa osobowa (NP)
    • Kościuszko, Władysław Find
    • d
    • Daty biograficzne (NP)
    • (około 1840?- ).
    • e
    • Określenie rodzaju współpracy
    • Oprac.
    • 9
    • KHW
    • 486915
Numer inwentarzowy Sygnatura Status udost. Lokalizacja
Z.62182Z.621811BG
H.433H.4331BNS
F.16735 -3BNS